Regionaldaten zur beruflichen Bildung in Nordrhein-Westfalen / 1998
| Medienart: | Druck Buch |
|---|---|
| Sprache: | Deutsch |
| Veröffentlicht: |
1999
|
| In: |
Regionaldaten zur beruflichen Bildung in Nordrhein-Westfalen Entwicklung auf dem Ausbildungsmarkt
Jahr: 1999 |
| Bestand in Tübingen: | In Tübingen vorhanden. IFK: H II 79 |
| Verfügbarkeit prüfen: | HBZ Gateway |
| Subito Bestelldienst: | Jetzt bestellen. |
| Schlagwörter: |
MARC
| LEADER | 00000cam a2200000 cc4500 | ||
|---|---|---|---|
| 001 | 1512006319 | ||
| 003 | DE-627 | ||
| 005 | 20260118185450.0 | ||
| 007 | tu | ||
| 008 | 150723s1999 xx ||||| 00| ||ger c | ||
| 035 | |a (DE-627)1512006319 | ||
| 035 | |a (DE-576)442006314 | ||
| 035 | |a (DE-599)BSZ442006314 | ||
| 040 | |a DE-627 |b ger |c DE-627 |e rakwb | ||
| 041 | |a ger | ||
| 245 | 0 | 0 | |a Regionaldaten zur beruflichen Bildung in Nordrhein-Westfalen |n 1998 |
| 264 | 1 | |c 1999 | |
| 336 | |a Text |b txt |2 rdacontent | ||
| 337 | |a ohne Hilfsmittel zu benutzen |b n |2 rdamedia | ||
| 338 | |a Band |b nc |2 rdacarrier | ||
| 490 | 0 | |a Berufliche Bildung in NRW | |
| 773 | 1 | 8 | |a Regionaldaten zur beruflichen Bildung in Nordrhein-Westfalen Entwicklung auf dem Ausbildungsmarkt |w (DE-627)170909239 |w (DE-576)078188245 |w (DE-600)1125663-1 |x 2199-7578 |g 1998 |q 1998,0000,00 |7 nnas |
| 889 | |w (DE-627)303535997 | ||
| 935 | |i mdedup | ||
| 951 | |a JV | ||
| ELC | |b 1 | ||
| LOK | |0 000 xxxxxcx a22 zn 4500 | ||
| LOK | |0 001 2856874606 | ||
| LOK | |0 003 DE-627 | ||
| LOK | |0 004 1512006319 | ||
| LOK | |0 005 20150723115758 | ||
| LOK | |0 008 150723||||||||||||||||ger||||||| | ||
| LOK | |0 040 |a DE-21-110 |c DE-627 |d DE-21-110 | ||
| LOK | |0 689 |a s |a Ausbildung | ||
| LOK | |0 689 |a s |a Nordrhein-Westfalen | ||
| LOK | |0 689 |a s |a Berufsbildung | ||
| LOK | |0 852 |a DE-21-110 | ||
| LOK | |0 852 1 |c H II 79 |m p |9 00 | ||
| LOK | |0 935 |a k110 | ||
| LOK | |0 936ln |a 7.1 | ||
| LOK | |0 938 |k p | ||
| LOK | |0 939 |a 23-07-15 |b l01 | ||
| ORI | |a SA-MARC-krimdoka001.raw | ||
| SIG | |a IFK: H II 79 | ||
